100 mots les plus courants en Français - Statistiques

Statistiques générales
  • Ce quiz a été pris 901 fois
  • Le résultat moyen est 43 sur 100
Statistiques - réponses
Réponse % Correct
6 à
93%
7 il
92%
10 je
92%
50 tu
90%
27 vous
90%
1 | 23 le
89%
37 nous
89%
68
87%
2 | 21 de
86%
5 et
86%
19 elle
84%
48
84%
51 ou
84%
33 me
76%
85 ça
73%
15 | 22 ce
73%
13 se
71%
4 être
68%
39 mais
68%
28 par
67%
24 pour
67%
3 un
67%
59 te
64%
12 | 26 que
63%
17 | 46 en
62%
8 avoir
60%
34 on
59%
11 son
59%
35 mon
58%
14 qui
57%
25 pas
52%
18 du
50%
57 moi
50%
93 ton
50%
16 dans
49%
30 faire
48%
9 ne
48%
20 au
46%
44 aller
44%
54 | 65 si
44%
29 sur
44%
41 avec
43%
38 comme
39%
52 leur
39%
88 sous
38%
45 voir
38%
62 quand
37%
31 plus
36%
49 sans
36%
36 lui
35%
40 pouvoir
31%
32 dire
30%
43 y
30%
42 | 73 | 80 tout
29%
55 deux
28%
66 notre
28%
72 votre
28%
69 jour
26%
96 savoir
26%
47 bien
24%
86 peu
24%
58 vouloir
24%
81 mer
21%
70 prendre
20%
90 alors
18%
79 dont
18%
89 parler
18%
61 venir
17%
63 grand
16%
67 devoir
15%
94 mettre
15%
75 petit
15%
74 rien
14%
53 homme
13%
100 après
12%
60 femme
12%
71 même
12%
95 vie
11%
64 celui
10%
83 donner
10%
76 encore
10%
87 falloir
10%
77 aussi
9%
91 main
9%
84 temps
9%
99 autre
6%
78 quelque
6%
82 trouver
6%
92 chose
5%
56 mari
3%
98 passer
3%
97 yeux
2%
Aucun quiz correspondant
Distribution des résultats
% des personnes avec chaque résultat
Percentile par nombre de réponses
Votre historique - résultats
Vous n’avez pas pris ce quiz